000 00615nam a2200277Ia 4500
005 20260324133636.0
008 008 260324s9999 xx 000 0 eng d
020 _a9780203696972
037 _aEBOOK
040 _aCRL
040 _beng
040 _cCRL
041 _2eng
041 _aeng
084 _qCRL
100 _aAdrian Beard
_91191062
245 0 _aHow Texts Work
260 _bTaylor and Francis
260 _c2003
365 _a
365 _b140
856 _uhttp://www.taylorfrancis.com/books/9780203696972
942 _cEBOOK
999 _c1793119
_d1793119